Solid state physics (Record no. 5134)

MARC details
000 -LEADER
fixed length control field 00499nam a2200169Ia 4500
003 - CONTROL NUMBER IDENTIFIER
control field SGT
020 ## - INTERNATIONAL STANDARD BOOK NUMBER
International Standard Book Number 9788122427264
082 ## - DEWEY DECIMAL CLASSIFICATION NUMBER
Classification number 530.41
Item number PIL
100 ## - MAIN ENTRY--PERSONAL NAME
Personal name Pillai,S.O
245 ## - TITLE STATEMENT
Title Solid state physics
250 ## - EDITION STATEMENT
Edition statement 6th Ed.
260 ## - PUBLICATION, DISTRIBUTION, ETC. (IMPRINT)
Name of publisher, distributor, etc New Age International Publication
Place of publication, distribution, etc New Delhi
Year of Publication 2010
300 ## - PAGE DESCRIPTION
No. of Pages 832p.
650 ## - SUBJECT ADDED ENTRY--TOPICAL TERM
Topical term or geographic name as entry element ENGINEERING PHYSICS
653 ## - KEYWORDS--INDEX TERM
Keyword term REVIEW OF ATOMIC STRUCTURE,INTERATOMIC FORCES AND BONDINGS IN SOLIDS,CRYSTAL PHYSICS,ELECTRICAL PROPERTIES OF METALS
942 ## - ADDED ENTRY ELEMENTS (KOHA)
Source of classification or shelving scheme Dewey Decimal Classification
Koha item type Books
942 ## - ADDED ENTRY ELEMENTS (KOHA)
-- 3
Holdings
Withdrawn status Lost status Source of classification or shelving scheme Damaged status Not for loan Home library Current library Date acquired SGTU Total Checkouts Full call number Accession No. (Barcode) Date last seen Bill Date Koha item type Date last borrowed
    Dewey Decimal Classification     SGT Engineering Library SGT Engineering Library 08/02/2011 SGTU   530.41 PIL FE2796 09/02/2015 09/02/2015 Books  
    Dewey Decimal Classification     SGT Engineering Library SGT Engineering Library 08/02/2011 SGTU 1 530.41 PIL FE2797 28/11/2024 09/02/2015 Books 05/11/2024
  Lost and Paid For Dewey Decimal Classification     SGT Engineering Library SGT Engineering Library 08/02/2011 SGTU 1 530.41 PIL FE2798 21/11/2024 09/02/2015 Books 04/11/2024
    Dewey Decimal Classification     SGT Engineering Library SGT Engineering Library 08/02/2011 SGTU 1 530.41 PIL FE2799 21/05/2019 09/02/2015 Books 03/05/2019
    Dewey Decimal Classification     SGT Engineering Library SGT Engineering Library 08/02/2011 SGTU 1 530.41 PIL FE2800 24/02/2026 09/02/2015 Books 12/02/2026
    Dewey Decimal Classification     SGT Engineering Library SGT Engineering Library 08/02/2011 SGTU   530.41 PIL FE2801 09/02/2015 09/02/2015 Books  
    Dewey Decimal Classification     SGT Engineering Library SGT Engineering Library 08/02/2011 SGTU   530.41 PIL FE2802 09/02/2015 09/02/2015 Books  
    Dewey Decimal Classification     SGT Engineering Library SGT Engineering Library 08/02/2011 SGTU 3 530.41 PIL FE2803 01/12/2025 09/02/2015 Books 01/12/2025
    Dewey Decimal Classification     SGT Engineering Library SGT Engineering Library 08/02/2011 SGTU   530.41 PIL FE2804 09/02/2015 09/02/2015 Books  
    Dewey Decimal Classification     SGT Engineering Library SGT Engineering Library 08/02/2011 SGTU 1 530.41 PIL FE2805 15/04/2025 09/02/2015 Books 01/04/2025